| 000 | 01080nam a22003377a 4500 | ||
|---|---|---|---|
| 003 | CHAP | ||
| 005 | 20220329143310.0 | ||
| 008 | 080313d2004 us r 00110 eng d | ||
| 010 | _a94599 | ||
| 011 | _a95571 | ||
| 020 | _a0879697113 | ||
| 035 | _a106198 | ||
| 040 | _cCHAP | ||
| 082 | 0 | 0 |
_a595.774 _aG7 2004 |
| 100 | 1 |
_aGreenspan, Ralph J. _950594 |
|
| 245 | 1 | 0 |
_aFly pushing : _bthe theory and practice of drosophila genetics _c/by Ralph J. Greenspan |
| 250 | _a2 ed. | ||
| 260 |
_aNew York : _bCold Spring Harbor Laboratory, _c2004 |
||
| 300 |
_ax, 191 p. : _bilus. |
||
| 590 |
_aBATCH-UPD _b10 _c20130110 _lUCH01 _h0230 |
||
| 590 |
_aBATCH-UPD _b10 _c20130110 _lUCH01 _h0830 |
||
| 590 |
_aBATCH-UPD _b10 _c20130410 _lUCH01 _h1141 |
||
| 590 |
_aBATCH-UPD _b10 _c20130914 _lUCH01 _h0635 |
||
| 590 |
_aCONVERSION _b10 _c20130109 _lUCH01 _h1352 |
||
| 650 | 1 | 4 |
_aBiología. _912773 |
| 650 | 1 | 4 |
_aDrosophila. _934255 |
| 650 | 1 | 4 |
_aGenética. _947469 |
| 901 | _aBK | ||
| 942 | _cLIBRO | ||
| 949 |
_a595.774 G7 2004 _bBC _cLIBRO _d33724002053579 _eLIBRO _gI.c/e _h109265 _i106198 _sb _t$646.05 |
||
| 999 |
_c94599 _d94599 |
||